[Event "Oberbayerische Jugend-EM 2014/15  U10w"]
[Site "Riedenburg"]
[Date "2015.02.19"]
[Round "1"]
[White "Ibrahim, Luisa"]
[Black "Karlinger, Ainhoa"]
[Result "0-1"]
[BlackElo "862"]
[WhiteElo "787"]

1.e4 c6 2.f3 d5 3.e5 Bf5 4.Bd3 Bxd3 5.cxd3 e6 6.f4 Bc5 7.Nf3 Nd7 8.Ng5 h6 9.Nh3 Ne7
10.g4 Ng6 11.g5 hxg5 12.Nxg5 Be7 13.Nf3 Nxf4 14.Qc2 Bh4+ 15.Kf1 Bg3 16.hxg3 Rxh1+
17.Ng1 Nh3 18.Kg2 Rxg1+ 19.Kxh3 Rh1+ 20.Kg2 Rh8 21.Qd1 Nxe5 22.d4 Nc4 23.Nc3 Qb6
24.Ne2 Nxb2 25.Qc2 Nc4 26.Rb1 Qc7 27.Nf4 g5 28.d3 Nb6 29.Nh3 g4 30.Ng5 f6 31.Nxe6
Qh7 32.Nc7+ Qxc7 33.Qe2+ Kd8 34.Kf1 Qxg3 35.Qf2 Rh1+ 36.Ke2 Rh2 37.Qxh2 Qxh2+ 38.Kf1
Kc7 39.Be3 Rh8 40.Bg1 Qxa2 41.Re1 f5 42.Re7+ Nd7 43.Rf7 Qb1+ 44.Kg2 Qxd3 45.Bh2+
Qg3+ {Irregulaerer Zug Dxd4 ging voraus.} 46.Bxg3+ Kd8 47.Rxf5 a5 48.Rf2 b5 49.Ra2
a4 50.Rb2 c5 51.Rxb5 cxd4 52.Rxd5 Ke7 53.Rxd4 Ra8 54.Bh4+ Ke6 55.Rxg4 a3 56.Kh3 a2
57.Rg1 a1=Q 58.Rxa1 Rxa1 59.Bg5 Ra4 60.Bh4 Kf5 61.Bg3 Kg5 62.Bd6 Ra3+ $4 63.Bg3 $4 Ne5
64.Kg2 Ng6 65.Bf2 Nf4+ 66.Kf1 Ra1+ 67.Be1 Nd3 68.Ke2 Nxe1 69.Kd2 Ra3 70.Kxe1 Ra2
71.Kd1 Kf4 72.Kc1 Ke3 73.Kb1 Re2 74.Kc1 Rf2 75.Kb1 Kd3 76.Kc1 Rg2 77.Kd1 Rg1#   0-1

[Event "Oberbayerische Jugend-EM 2014/15  U10w"]
[Site "Riedenburg"]
[Date "2015.02.19"]
[Round "1"]
[White "Alferova, Emily"]
[Black "Ibrahim, Eva"]
[Result "1-0"]
[BlackElo "833"]
[WhiteElo "817"]

1.e4 e5 2.Nf3 Nc6 3.Bb5 d6 4.h3 Nf6 5.d3 h6 6.Be3 Be6 7.O-O Be7 8.Nc3 O-O 9.Qc1 a6
10.Bxh6 gxh6 11.Qxh6 Ng4 12.Qh5 axb5 13.Nxb5 d5 14.exd5 Qxd5 15.Nxc7 Qc5 16.Nxe6
fxe6 17.Qxg4+ Kh8 18.Rae1 Rxa2 19.Nd2 Qd5 20.Re3 Rg8 21.Qh5+ Kg7 22.Rg3+ Kf8 23.Rf3+
Bf6 24.Rxf6+ Ke7 25.Qf7+ Kd6 26.Qxg8 Kc5 27.Rxe6 Nd4 28.Qc8+ Kb5 29.Qe8+ Ka5 30.Rg6
Ne2+ 31.Kh2 Nf4 32.Nb3+ Kb4 33.Rb6+ {33. ... Ka4 (irregulaerer Zug) 34. Da8+ Da5
35. Dxa5#}   1-0

[Event "Oberbayerische Jugend-EM 2014/15  U10w"]
[Site "Riedenburg"]
[Date "2015.02.19"]
[Round "2"]
[White "Ibrahim, Eva"]
[Black "Ibrahim, Luisa"]
[Result "1-0"]
[BlackElo "787"]
[WhiteElo "833"]

1.e4 e5 2.Nf3 Nc6 3.Bc4 Bc5 4.d3 h6 5.Be3 Bb6 6.Nc3 Nf6 7.O-O O-O 8.Qd2 Nd4 9.Nxd4
exd4 10.Bxh6 dxc3 11.bxc3 Ng4 12.Bxg7 Kxg7 13.d4 Rh8 14.h3 Nf6 15.Qg5+ Kf8 16.e5
c5 17.exf6 Rg8 18.Qh5 Qxf6 19.Rae1 Qf4 20.Re4 Qd6 21.Qxf7#   1-0

[Event "Oberbayerische Jugend-EM 2014/15  U10w"]
[Site "Riedenburg"]
[Date "2015.02.19"]
[Round "2"]
[White "Erdösi, Anna"]
[Black "Butenandt, Svenja"]
[Result "1/2-1/2"]
[BlackElo "1056"]
[WhiteElo "876"]

1.e4 c5 2.Nf3 d6 3.d4 cxd4 4.Nxd4 Nf6 5.Nc3 g6 6.Be3 Bg7 7.Qd2 Ng4 8.Bg5 f6 9.Bh4
Nc6 10.h3 Nge5 11.Bb5 a6 12.Ba4 Bd7 13.Bb3 b5 14.Rb1 Qb6 15.Ne6 Bxe6 16.Bxe6 Qd4
17.Qe2 b4 18.Nd5 Ra7 19.g4 Nd8 20.Bc8 O-O 21.Bxa6 Rxa6 22.Qxa6 Qxe4+ 23.Kd2 Qxd5+
24.Ke2 Qe4+ 25.Kd2 Nc4+ 26.Kd1 Qxh1+ 27.Ke2 Qxb1 28.Qxc4+ Kh8 29.Qxb4 Qxc2+ 30.Ke3
Bh6+ 31.f4 Qc1+ 32.Kf3 g5 33.a4 Qf1+ 34.Bf2 Qxh3+ 35.Ke2 Qxg4+ 36.Ke3 Qxf4+ 37.Qxf4
gxf4+ 38.Kf3 e5 39.a5 Re8 40.a6 e4+ 41.Kg2 e3 42.a7 Ne6 43.Bxe3 fxe3 44.Kf1 Rg8 45.Ke2
Rg2+ 46.Ke1 Rg1+ 47.Ke2 Nf4+ 48.Kxe3 Nd5+ 49.Kd4 f5 50.a8=Q+ Kg7 51.Qb7+ Kg6 52.Qxd5
Rd1+ 53.Kc4 Rxd5 54.Kxd5 f4 55.Kd4 f3 56.Kd3 f2 57.b4 f1=Q+ 58.Kd4 Qf4+ 59.Kd3 Qe3+
60.Kc2 Qd2+ 61.Kb1 Qd3+ {Schwarz reklamierte Remis nach Anhang G}   1/2-1/2

[Event "Oberbayerische Jugend-EM 2014/15  U10w"]
[Site "Riedenburg"]
[Date "2015.02.20"]
[Round "3"]
[White "Butenandt, Svenja"]
[Black "Karlinger, Ainhoa"]
[Result "1-0"]
[BlackElo "862"]
[WhiteElo "1056"]

1.e4 c6 2.d4 d5 3.e5 Bf5 4.Bd3 Bxd3 5.Qxd3 e6 6.Nc3 c5 7.Nf3 Nc6 8.Qb5 Qb6 9.Qxb6
axb6 10.Be3 Nb4 11.O-O-O Nxa2+ 12.Nxa2 Rxa2 13.Kb1 Ra8 14.Rd3 c4 15.Rdd1 Bb4 16.Bd2
Bxd2 17.Nxd2 Ne7 18.f4 O-O 19.g4 Ra7 20.c3 Rfa8 21.Kc2 g6 22.h4 f5 23.exf6 Nc8 24.h5
gxh5 25.Rxh5 Nd6 26.Re1 Kf7 27.Rxh7+ Kxf6 28.Rh6+ Kf7 29.Rhxe6 Nc8 30.f5 Ra5 31.g5
Kg7 32.f6+ Kf7 33.R6e5 Kf8 34.g6 Nd6 35.g7+ Kg8 36.Re6 Nf5 37.Re8+ Rxe8 38.Rxe8+
Kf7 39.g8=Q+ Kxf6 40.Qf8+ Kg5 41.Re5   1-0

[Event "Oberbayerische Jugend-EM 2014/15  U10w"]
[Site "Riedenburg"]
[Date "2015.02.20"]
[Round "3"]
[White "Ibrahim, Luisa"]
[Black "Alferova, Emily"]
[Result "1-0"]
[BlackElo "817"]
[WhiteElo "787"]

1.e4 e5 2.Nf3 Nc6 3.Bc4 Bc5 4.d3 h6 5.Nc3 Nf6 6.Be3 Bb4 7.a3 Be7 8.Nh4 d6 9.Nf5 O-O
10.Nxg7 Bg4 11.f3 Bxf3 12.Qxf3 Qd7 13.Bxh6 Nd4 14.Qg3 Nxc2+ 15.Kf1 Qg4 16.Qf2 Nd4
17.h3 Qg6 18.Qe3 Nf5 19.exf5 Nd5 20.Bxd5 Bg5 21.Qxg5 Qxg5 22.Bxg5 Kxg7 23.f6+ Kg6
24.h4 c6 25.Be4+ Kh5 26.Ne2 d5 27.Ng3+   1-0

[Event "Oberbayerische Jugend-EM 2014/15  U10w"]
[Site "Riedenburg"]
[Date "2015.02.20"]
[Round "4"]
[White "Ibrahim, Eva"]
[Black "Butenandt, Svenja"]
[Result "0-1"]
[BlackElo "1056"]
[WhiteElo "833"]

1.e4 c5 2.Nf3 d6 3.d4 cxd4 4.Nxd4 Nf6 5.Nc3 g6 6.Be3 Bg7 7.Bd3 Ng4 8.h3 Nxe3 9.fxe3
Nc6 10.Qf3 Nxd4 11.exd4 Bxd4 12.Bb5+ Bd7 13.Bc4 O-O 14.Nd5 Be6 15.O-O-O Bg7 16.g4
Rc8 17.Bb3 Bxd5 18.Rxd5 Rc5 19.Rxc5 dxc5 20.Rd1 Bh6+ 21.Kb1 Qa5 22.h4 Rd8 23.Rc1
Bxc1 24.Kxc1 Qe1+ 25.Qd1 Rxd1#   0-1

[Event "Oberbayerische Jugend-EM 2014/15  U10w"]
[Site "Riedenburg"]
[Date "2015.02.20"]
[Round "4"]
[White "Karlinger, Ainhoa"]
[Black "Erdösi, Anna"]
[Result "1/2-1/2"]
[BlackElo "876"]
[WhiteElo "862"]

1.b4 e5 2.Bb2 d6 3.e3 Nf6 4.Nf3 Bf5 5.Be2 g6 6.O-O h5 7.Re1 h4 8.h3 Bh6 9.Nxh4 Be6
10.Nf3 g5 11.Nh2 Qd7 12.d4 e4 13.c3 Bg7 14.a4 d5 15.b5 Qd6 16.Ba3 Qd7 17.Qc2 c6 18.c4
dxc4 19.Bxc4 Bf5 20.Qe2 g4 21.hxg4 Nxg4 22.Nxg4 Bxg4 23.Qc2 Qf5 24.Bf1 Qh7 25.f3
Bxf3 26.Qc5 Qh1+ 27.Kf2 Qh4+ 28.Kg1 Qh1+ 29.Kf2 Qh4+ 30.Kg1 Qh2+ 31.Kf2 $2 Qh4+ (31...Bf6 $1)
32.Kg1 Qh1+ 33.Kf2 Qh4+   1/2-1/2

[Event "Oberbayerische Jugend-EM 2014/15  U10w"]
[Site "Riedenburg"]
[Date "2015.02.20"]
[Round "5"]
[White "Erdösi, Anna"]
[Black "Ibrahim, Eva"]
[Result "1-0"]
[BlackElo "833"]
[WhiteElo "876"]

1.e4 c5 2.Nf3 d6 3.d4 cxd4 4.Nxd4 Nf6 5.Nc3 g6 6.f3 Bg7 7.Be3 Nc6 8.Bd3 O-O 9.g4 Nxd4
10.Bxd4 Be6 11.h4 Qa5 12.h5 Nxh5 13.Bxg7 Nxg7 14.f4 d5 15.Qe2 dxe4 16.Bxe4 Rab8 17.Qh2
h5 18.gxh5 gxh5 19.Rg1 Bg4 20.Rxg4 f6 21.Rg1 f5 22.Bd5+ e6 23.Bxe6+ Kh8 24.Qg2 Qc7
25.Bd5 Rfe8+ 26.Kd1 Re7 27.Qf3 Rd8 28.Kd2 Rxd5+ 29.Nxd5 Qd6 30.Rg3 Rd7 31.c4 Qb4+
32.Qc3 Qe7 33.Re1 Qh4 34.Re8+ Kh7 35.Kc2 Qh2+ 36.Kb3 b6 37.Re1 b5 38.cxb5 Rb7 39.Ka3
Qh4 40.Reg1 Qxg3 41.Rxg3 h4 42.Rg1 Ne6 43.Nf6+ Kh6 44.Qe5 Nc7 45.Ng8+ Kh5 46.Rg5#
  1-0

[Event "Oberbayerische Jugend-EM 2014/15  U10w"]
[Site "Riedenburg"]
[Date "2015.02.20"]
[Round "5"]
[White "Butenandt, Svenja"]
[Black "Alferova, Emily"]
[Result "0-1"]
[BlackElo "817"]
[WhiteElo "1056"]

1.e4 e5 2.Nf3 Nc6 3.Bc4 Bc5 4.d3 h6 5.Be3 Bxe3 6.fxe3 d6 7.h3 Nf6 8.Nc3 O-O 9.O-O
Bd7 10.Qe1 Qc8 11.Qg3 Nh5 12.Qh4 Nf6 13.Nd5 Nxd5 14.Bxd5 Nb4 15.Bb3 Qd8 16.Qg3 d5
17.exd5 Qc8 18.Nxe5 Bf5 19.e4 Bd7 20.d6 Be6 21.Bxe6 Qxe6 22.a3 Nxc2 23.Rac1 Nd4 24.Rxc7
Ne2+ 25.Kh2 Nxg3 26.Rf3 Qxe5 27.Rxg3 Qxd6 28.Rxb7 Qa6 29.Rb4 Rad8 30.d4 Rd7 31.d5
Rfd8 32.Rc3 Rxd5 33.exd5 Rxd5 34.Rb8+ Kh7 35.Rcb3 Qd6+ 36.Kg1 Rd1+ 37.Kf2 Qf4+ 38.Ke2
Qf1+ 39.Ke3 Qe1+ 40.Kf3 Rd2 41.g4 Qf2+ 42.Ke4 Qe2+ 43.Re3 Qc4+ 44.Kf3 g5 45.Re4 Qd3+
46.Re3 Qd5+ 47.Re4 Rd3+ 48.Kf2 Qxe4 49.Rb4 Qf3+ 50.Ke1 Rd1#   0-1

[Event "Oberbayerische Jugend-EM 2014/15  U10w"]
[Site "Riedenburg"]
[Date "2015.02.21"]
[Round "6"]
[White "Ibrahim, Luisa"]
[Black "Butenandt, Svenja"]
[Result "0-1"]
[BlackElo "1056"]
[WhiteElo "787"]

1.e4 c5 2.Nf3 d6 3.d4 cxd4 4.Nxd4 g6 5.Nc3 Nf6 6.f3 Bg7 7.Be3 Nc6 8.Nxc6 bxc6 9.Qd2
O-O 10.Bh6 Rb8 11.Rb1 Be6 12.Bxg7 Kxg7 13.Qg5 h6 14.Qe3 Qa5 15.b3 d5 16.e5 Nd7 17.f4
Rb4 18.Bd3 d4 19.Qd2 dxc3 20.Qxc3 Re4+ 21.Kd2 Qxc3+ 22.Kxc3 Rxf4 23.g3 Rf2 24.Rbe1
Bf5 25.Bxf5 Rxf5 26.Kb2 Rxe5 27.Rd1 Rd5 28.Rde1 e5 29.Re4 Re8 30.Ra4 e4 31.Re1 e3
32.Rxa7 e2 33.Ra8 Rxa8 34.Rxe2 Re5 35.Rd2 Nf6 36.Rd6 Rc8 37.a4 c5 38.Kc3 Ne4+ 39.Kc4
Nxd6+   0-1

[Event "Oberbayerische Jugend-EM 2014/15  U10w"]
[Site "Riedenburg"]
[Date "2015.02.21"]
[Round "6"]
[White "Alferova, Emily"]
[Black "Erdösi, Anna"]
[Result "0-1"]
[BlackElo "876"]
[WhiteElo "817"]

1.e4 c5 2.Nf3 d6 3.d4 cxd4 4.Nxd4 Nf6 5.Nc3 g6 6.f3 Bg7 7.Be3 Nc6 8.Nxc6 bxc6 9.Qd2
d5 10.Bh6 Bxh6 11.Qxh6 dxe4 12.Kf2 {irregulaerer Zug 0-0-0} Qb6+ 13.Qe3 Qxb2 14.Rc1
Qa3 15.fxe4 Ng4+ 16.Kf3 Nxe3 17.Nb1 Qc5 18.Bd3 Bg4+ 19.Kf4 g5+ 20.Kg3 Qe5+ 21.Kf2
Qf4+ 22.Ke1 Nxg2#   0-1

[Event "Oberbayerische Jugend-EM 2014/15  U10w"]
[Site "Riedenburg"]
[Date "2015.02.21"]
[Round "6"]
[White "Ibrahim, Eva"]
[Black "Karlinger, Ainhoa"]
[Result "1-0"]
[BlackElo "862"]
[WhiteElo "833"]

1.e4 e6 2.d4 d5 3.e5 c5 4.c3 Qb6 5.Nf3 Nc6 6.Na3 Bd7 7.Be3 Qxb2 8.Nb5 O-O-O 9.Rb1
Qxa2 10.Qb3 Qxb3 11.Rxb3 a6 12.Nd6+ Bxd6 13.exd6 cxd4 14.cxd4 Be8 15.Bd3 Rxd6 16.O-O
Na5 17.Rc3+ Kb8 18.Bf4 Ka7 19.Bxd6 Nf6 20.Rc8 Nc6 21.Bc5+ b6 22.Rc7+ Kb8 23.Bxb6
Nd7 24.Rxc6 Nxb6 25.Rxb6+ Kc7 26.Rfb1 Kc8 27.Bxa6+ Kd8 28.Rb7 Bc6 29.Rb8+   1-0

[Event "Oberbayerische Jugend-EM 2014/15  U10w"]
[Site "Riedenburg"]
[Date "2015.02.21"]
[Round "7"]
[White "Karlinger, Ainhoa"]
[Black "Alferova, Emily"]
[Result "1-0"]
[BlackElo "817"]
[WhiteElo "862"]

1.c4 e5 2.Nc3 d6 3.g3 d5 4.cxd5 Nf6 5.Bg2 Bc5 6.e3 Ng4 7.h3 Nxf2 8.Kxf2 Qf6+ 9.Qf3
Qxf3+ 10.Nxf3 Bd6 11.Rf1 Na6 12.a3 Nc5 13.d4 Nd3+ 14.Kg1 Nxc1 15.Raxc1 exd4 16.Nxd4
Bxg3 17.Ncb5 O-O 18.Nxc7 Rb8 19.Ncb5 Bxh3 20.Bxh3 Rbe8 21.Rf3 Bh4 22.Nf5 Bf6 23.Rc2
Rd8 24.d6 Bg5 25.Ne7+ Bxe7 26.dxe7 Rd1+ 27.Rf1 Rd5 28.exf8=Q+ Kxf8 29.Nxa7 Rg5+ 30.Rg2
Rh5 31.Be6 f6 32.Bg4 Re5 33.Rf3 Rd5 34.e4 Rd1+ 35.Rf1 Rd4 36.e5 Ra4 37.exf6 g6 38.f7
Rxa7 39.Re2 Kg7 40.f8=Q#   1-0

[Event "Oberbayerische Jugend-EM 2014/15  U10w"]
[Site "Riedenburg"]
[Date "2015.02.21"]
[Round "7"]
[White "Erdösi, Anna"]
[Black "Ibrahim, Luisa"]
[Result "1-0"]
[BlackElo "787"]
[WhiteElo "876"]

1.e4 c5 2.Nf3 d6 3.d4 cxd4 4.Nxd4 Nf6 5.Nc3 g6 6.f3 Bg7 7.Be3 O-O 8.Qd2 Nc6 9.g4 Nxd4
10.Bxd4 h5 11.gxh5 gxh5 12.Rg1 e5 13.Qh6 Bg4 14.Qg5 Nd5 15.Qd2 Qh4+ 16.Bf2 Qxh2 17.Nxd5
Rfd8 18.fxg4 h4 19.g5 Kf8 20.g6 Rd7 21.Qb4 Rc8 22.Bb5 Rc5 23.Bxd7 a5 24.Qxb7 Kg8
25.Qb8+ Bf8 26.gxf7+ Kh7 27.Bf5+ Kh6 28.Qxf8+ Kh5 29.Qh8#   1-0